Aeroméxico Fleet - Statistics

General Stats
  • This quiz has been taken 19 times
  • The average score is 5 of 5
Answer Stats
Hint Answer % Correct
Boeing 787-8
100%
Boeing 787-9
100%
Boeing 737-800
94%
Boeing 737 MAX 8
94%
Boeing 737 MAX 9
88%
No matching quizzes found
Score Distribution
Percent of People with Each Score
Percentile by Number Answered
Your Score History
You have not taken this quiz